Wind turbine control systems : principles, modelling and gain scheduling design
Αποθηκεύτηκε σε:
| Κύριος συγγραφέας: | |
|---|---|
| Άλλοι συγγραφείς: | , |
| Μορφή: | Βιβλίο |
| Γλώσσα: | English |
| Δημοσίευση: |
London :
Springer,
c2007
|
| Σειρά: | Advances in industrial control
|
| Θέματα: | |
| Ετικέτες: |
Προσθήκη ετικέτας
Δεν υπάρχουν, Καταχωρήστε ετικέτα πρώτοι!
|
MARC
| LEADER | 00000nam a2200000 i 4500 | ||
|---|---|---|---|
| 001 | 1/102943 | ||
| 008 | 090318s2007 eng d | ||
| 020 | |a 978-1-84628-492-2 | ||
| 020 | |a 1846284929 | ||
| 022 | |a 14309491 | ||
| 035 | |l 10103858 | ||
| 040 | |a GR-MY-UA |b gre |e aacr | ||
| 041 | 0 | |a eng | |
| 082 | 0 | |a 621.45 |2 (22) | |
| 100 | 1 | |a Bianchi, Fernado D. | |
| 245 | 1 | 0 | |a Wind turbine control systems : |b principles, modelling and gain scheduling design / |c Fernando D. Bianchi, Hernan De Battista and Ricardo J. Mantz |
| 260 | |a London : |b Springer, |c c2007 | ||
| 300 | |a xix, 205 σ.; |b σχ.; |c 24 εκ. | ||
| 490 | 1 | |a Advances in industrial control | |
| 504 | |a Περιλαμβάνει βιβλιογραφικές παραπομπές και ευρετήριο | ||
| 650 | 0 | 0 | |a Wind turbines |x Automatic control. |
| 700 | 1 | |a De Battista, Hernan. | |
| 700 | 1 | |a Mantz, Ricardo J. | |
| 830 | 0 | |a Advances in industrial control | |
| 852 | |a INST |b CHIOS |e 20090318 |h 621.45 BIA |p 005200030524 |q 005200030524 |t BK |y 0 | ||
| 901 | |a BIBL2-2009-1 | ||
| 909 | |a Χ |b 157662 | ||
| 922 | |a 2ΕΛΗ |b 200812 |c ΕΠΕΑΕΚ2/ΤΝΕΥ |d Ι. ΜΙΧΑΛΟΠΟΥΛΟΣ | ||
| 970 | |a ΒΑΣΙΛΑΚΗ |b ΝΙΚΗ |z 2009/03/18 | ||